000 00665nam a2200217Ia 4500
003 PILC
005 20160107112737.0
008 140512s9999 xx 000 0 und d
020 _a9780199151424
050 _aQD 40
_b.N48 2007
100 _aNeuss, Geoffrey
245 _aChemistry for the IB diploma :
_bstandard and higher level
_cGeoffrey Neuss
260 _aNew York :
_bOxford University Press,
_cc2007.
300 _a186 p. :
_bill. ;
_c28 cm.
440 _aIB study guides
500 _aIncludes index.
650 _aChemistry
_xExamination -- Study guides
650 _aChemistry
_xStudy and teaching (higher)
942 _cBK
_2lcc
999 _c116676
_d116676